Normal view
MARC view
- Continuum mechanics
Entry Topical Term
001 - CONTROL NUMBER
- control field: 20062
003 - CONTROL NUMBER IDENTIFIER
- control field: NUST
005 - DATE AND TIME OF LATEST TRANSACTION
- control field: 20190906061340.0
008 - FIXED-LENGTH DATA ELEMENTS
- fixed length control field: 190906|| aca||aabn | a|a d
040 ## - CATALOGING SOURCE
- Original cataloging agency: NUST
- Transcribing agency: NUST
150 ## - HEADING--TOPICAL TERM
- Topical term or geographic name entry element: Continuum mechanics
- Form subdivision: Textbooks.
670 ## - SOURCE DATA FOUND
- Source citation: Work cat.: (NUST)0: Gonzalez, Oscar, 1968- 20061, A first course in continuum mechanics /, 2008.
